000 00455nam a22001457a 4500
003 MACL
005 20190411144713.0
008 190411b xxu||||| |||| 00| 0 eng d
040 _cMACL
100 _aगुरूदत्‍त
_974232
245 _aजमाना बदल गया
260 _aनई दिल्‍ली
_bभारती साहित्‍य सदन
_c1968
650 _aउपन्‍यास
_974233
942 _2ddc
_cHIN
999 _c59331
_d59331